000 00286nam a22001097a 4500
082 _a923 ONE'C
100 _aCANNING, JOHN
_979446
245 _a180 GREAT MODERN LIVES MAKERS OF THE WORLD TODAY FROM FARADAY TO KENNEDY
260 _aLONDON
_bODHAMS
_c1969
300 _a640P
942 _cBK
999 _c584486
_d584486